Culture Générale - Série 1124 - Statistiques

Statistiques générales
  • Ce quiz a été pris 91 fois
  • Le résultat moyen est 3 sur 10
Statistiques - réponses
Question Réponse % Correct
Dans quel art peut-on utiliser un "basson" ? musique
85%
Comment se prénommait Corneille, l'auteur des oeuvres dramatiques "Le Cid", "Horace" et "Cinna" ? Pierre
67%
Ce religieux, canonisé en 1622, a fondé la Compagnie de Jésus : Ignace de ... Loyola
32%
Quelle rivière arrose la ville polonaise de Varsovie ? Vistule
20%
Quel nom donne-t-on à la rivière ou canal qui traverse Lille ? Deule
14%
De quel pays africain le "birr" est-il la monnaie ? Ethiopie
13%
De quel pays est originaire le dahlia ? Mexique
13%
Dans quelle ville française est né Charles Péguy ? Orléans
7%
On connait mieux l'uraète, sous le nom "aigle d'... Australie
6%
Quelle espèce d'animal est "l'aselle" ? crustacé
2%
Aucun quiz correspondant
Distribution des résultats
% des personnes avec chaque résultat
Percentile par nombre de réponses
Votre historique - résultats
Vous n’avez pas pris ce quiz